LEADER 01278nam0 22002891i 450 001 SUN0021158 005 20180205121455.907 010 $a88-371-0697-1 100 $a20040803d1994 |0itac50 ba 101 $aita 102 $aIT 105 $a|||| ||||| 200 1 $aRilevamento geologico$erealizzazione e interpretazione delle carte geologiche$fGiorgio Cremonini 210 $aBologna$cPitagora$d1994 215 $aXVI, 183 p.$d27 cm. 620 $dBologna$3SUNL000003 676 $a551.8$cGeologia strutturale. Deformazione, diastrofismo, epirogenesi, tettonica$v22 676 $a526$cCartografia$v22 700 1$aCremonini$b, Giorgio$3SUNV017443$03927 712 $aPitagora$3SUNV000259$4650 801 $aIT$bSOL$c20181109$gRICA 856 4 $u/sebina/repository/catalogazione/immagini/Copertina 21158.jpg 912 $aSUN0021158 950 $aUFFICIO DI BIBLIOTECA DEL DIPARTIMENTO DI SCIENZE E TECNOLOGIE AMBIENTALI BIOLOGICHE E FARMACEUTICHE$d17 CONS Sc11 $e17 FSA921 995 $aUFFICIO DI BIBLIOTECA DEL DIPARTIMENTO DI SCIENZE E TECNOLOGIE AMBIENTALI BIOLOGICHE E FARMACEUTICHE$bIT-CE0101$gFSA$h921$kCONS Sc11$oc$qa 996 $aRilevamento geologico$977001 997 $aUNICAMPANIA